[Event "World Rapid 2015"]
[Site "Berlin GER"]
[Date "2015.10.10"]
[Round "5.30"]
[White "Dlugy, Maxim"]
[Black "Khairullin, Ildar"]
[Result "1-0"]
[WhiteElo "2518"]
[BlackElo "2652"]
[PlyCount "81"]
[EventDate "2015.10.10"]
[EventType "rapid"]

1. d4 d5 2. Bf4 c5 3. e3 Nc6 4. c3 Nf6 5. Nd2 e6 6. Ngf3 Bd6 7. Bg3 O-O 8. Bd3
Qe7 9. Ne5 Nd7 10. Nxd7 Bxd7 11. Bxd6 Qxd6 12. dxc5 Qe7 13. b4 a5 14. a3 Qf6
15. Rc1 axb4 16. axb4 Ne5 17. Be2 Ra2 18. O-O Ba4 19. Qe1 Bc2 20. f4 Nd3 21.
Bxd3 Bxd3 22. Rf2 Rfa8 23. Nb3 Be4 24. Na5 Rxf2 25. Qxf2 Qe7 26. Qe2 Qd7 27. h3
h6 28. Rd1 Kh7 29. Rd2 Rb8 30. Nc4 Qa4 31. Nd6 Qa1+ 32. Kh2 Qxc3 33. Nxe4 dxe4
34. Rd4 b6 35. Rxe4 bxc5 36. Rc4 Qa3 37. bxc5 Rb2 38. Rc2 Rb3 39. c6 Rxe3 40.
Qf2 Rc3 41. c7 1-0

[Event "World Rapid 2015"]
[Site "Berlin GER"]
[Date "2015.10.10"]
[Round "5.35"]
[White "Bocharov, Dmitry"]
[Black "Ragger, Markus"]
[Result "1-0"]
[WhiteElo "2560"]
[BlackElo "2698"]
[PlyCount "83"]
[EventDate "2015.10.10"]
[EventType "rapid"]

1. c4 c6 2. Nf3 d5 3. e3 Nf6 4. Nc3 g6 5. d4 Bg7 6. Be2 O-O 7. O-O e6 8. b4
dxc4 9. Bxc4 b5 10. Be2 a5 11. bxa5 Qxa5 12. Bb2 b4 13. Nb1 c5 14. Nbd2 cxd4
15. Nc4 Qd8 16. Nxd4 Bd7 17. Bf3 Nd5 18. Qd2 Na6 19. a4 Rc8 20. Nd6 Rb8 21.
Rfc1 Qe7 22. N4b5 Bxb2 23. Qxb2 Nc3 24. Nxc3 bxc3 25. Qa3 Bxa4 26. Rxc3 Rb4 27.
Ne4 Rfb8 28. Rac1 Qd8 29. h3 Bb5 30. Qa1 f5 31. Nc5 Nxc5 32. Rxc5 Be8 33. Qe5
Bf7 34. Kh2 Rb1 35. R1c4 R1b4 36. Rc2 R4b6 37. g3 Qf8 38. Rc7 Rd6 39. Ra7 Rbd8
40. Rcc7 Rd2 41. Kg2 R2d6 42. Qf6 1-0

[Event "World Rapid 2015"]
[Site "Berlin GER"]
[Date "2015.10.10"]
[Round "5.36"]
[White "Jumabayev, Rinat"]
[Black "Dreev, Aleksey"]
[Result "0-1"]
[WhiteElo "2606"]
[BlackElo "2644"]
[PlyCount "103"]
[EventDate "2015.10.10"]
[EventType "rapid"]

1. d4 d5 2. c4 c6 3. Nf3 Nf6 4. Qb3 dxc4 5. Qxc4 Bg4 6. Qb3 Qb6 7. Nbd2 Nbd7 8.
Nc4 Qxb3 9. axb3 e6 10. Bf4 Bxf3 11. gxf3 Bb4+ 12. Kd1 O-O 13. Bd6 Bxd6 14.
Nxd6 c5 15. f4 cxd4 16. Bg2 Nd5 17. Bxd5 exd5 18. Ra5 Nf6 19. f3 b6 20. Ra4
Rfd8 21. Nf5 d3 22. e3 a5 23. Kd2 g6 24. Nd4 Nd7 25. b4 axb4 26. Rxb4 Rdc8 27.
Kxd3 Kf8 28. Kd2 Rc5 29. h4 Kg7 30. Rg1 Kf6 31. Ne2 Rc4 32. Rxc4 dxc4 33. Kc3
b5 34. Nd4 Nb6 35. Nxb5 Nd5+ 36. Kd4 Rd8 37. e4 Nxf4+ 38. Kxc4 Rc8+ 39. Kb3 Rb8
40. Kc4 Rc8+ 41. Kb3 Rb8 42. Kc4 Rc8+ 43. Kb3 Nd3 44. Rd1 Ne5 45. f4 Nf3 46.
Nd6 Rb8+ 47. Kc3 Nxh4 48. b4 Ng2 49. Rf1 Ke6 50. Nc4 Rc8 51. Rf3 f5 52. exf5+
0-1

[Event "World Rapid 2015"]
[Site "Berlin GER"]
[Date "2015.10.10"]
[Round "5.38"]
[White "Alekseev, Evgeny"]
[Black "Milanovic, Danilo"]
[Result "1/2-1/2"]
[WhiteElo "2642"]
[BlackElo "2469"]
[PlyCount "127"]
[EventDate "2015.10.10"]
[EventType "rapid"]

1. e4 d5 2. exd5 Qxd5 3. d4 e5 4. Nf3 Nc6 5. Nc3 Bb4 6. Bd2 Bxc3 7. Bxc3 e4 8.
Ne5 Nxe5 9. dxe5 Be6 10. Qxd5 Bxd5 11. O-O-O O-O-O 12. Be2 Ne7 13. Bg4+ Kb8 14.
Rd2 h5 15. Be2 Nc6 16. Re1 Be6 17. Rxd8+ Nxd8 18. Kd2 h4 19. Ke3 Bf5 20. Rd1
Kc8 21. Bc4 c6 22. b4 Ne6 23. b5 cxb5 24. Bxb5 Nc7 25. Bc4 Bg6 26. Bb2 Re8 27.
Bb3 Re7 28. Rd6 Nb5 29. Rd2 Nc7 30. Kf4 Re8 31. Kg4 Rh8 32. Rd6 Nb5 33. Rd2 Nc7
34. a4 Ne6 35. Bxe6+ fxe6 36. h3 Bf5+ 37. Kf4 g5+ 38. Ke3 Rg8 39. Ba3 g4 40.
hxg4 Rxg4 41. Be7 Rxg2 42. Bxh4 Rg1 43. Rd4 Ra1 44. Kf4 b6 45. Kg5 Rc1 46. Rc4+
Kd7 47. Kf6 e3 48. fxe3 Rxc2 49. Rd4+ Kc8 50. e4 Bg4 51. Kf7 Rc5 52. Bf6 Rc7+
53. Be7 Rc1 54. Ba3 Rc7+ 55. Kf6 Rc3 56. Bb4 Rc7 57. Bd6 Rc2 58. Ke7 Kb7 59.
Kd7 a6 60. Rb4 Rc1 61. a5 b5 62. Rd4 Rc4 63. Rxc4 bxc4 64. Bb4 1/2-1/2

[Event "World Rapid 2015"]
[Site "Berlin GER"]
[Date "2015.10.10"]
[Round "5.39"]
[White "Vovk, Yuri"]
[Black "Savchenko, Boris"]
[Result "0-1"]
[WhiteElo "2617"]
[BlackElo "2567"]
[PlyCount "228"]
[EventDate "2015.10.10"]
[EventType "rapid"]

1. d4 Nf6 2. c4 e6 3. Nf3 c5 4. d5 b5 5. dxe6 fxe6 6. cxb5 Be7 7. Nbd2 O-O 8.
b3 a6 9. e3 axb5 10. Bxb5 Qa5 11. a4 Nd5 12. Bb2 Nc3 13. Qc2 Nd5 14. O-O Ba6
15. Ne4 Qb6 16. Neg5 Rf5 17. e4 Nb4 18. Qc3 Rf6 19. Qd2 Rf8 20. Bxd7 Nxd7 21.
Qxd7 Ra7 22. Qxe6+ Qxe6 23. Nxe6 Rb8 24. Be5 Rb6 25. Nc7 Bxf1 26. Rxf1 Nd3 27.
Nb5 Ra8 28. Bc7 Rc6 29. Nd2 Bd8 30. Bg3 h5 31. h4 c4 32. Nxc4 Nc5 33. Nd4 Rg6
34. Re1 Rg4 35. Nd6 Bb6 36. Kh2 Nxa4 37. bxa4 Bxd4 38. Nf5 Bc5 39. Rc1 Bf8 40.
Rc4 Rg6 41. Bc7 Rc8 42. e5 Ra6 43. Ne3 Kf7 44. a5 Ke6 45. f4 g6 46. g3 Be7 47.
Kg2 Bd8 48. Bxd8 Rxd8 49. Kf3 Rd3 50. Ke4 Ra3 51. Nd5 Kf7 52. Rc7+ Kf8 53. Nb6
R3xa5 54. Nd7+ Ke8 55. Nc5 Ra7 56. Rc8+ Ke7 57. Kd5 Rd7+ 58. Kc6 Rd2 59. Rc7+
Ke8 60. Kb6 Ra3 61. e6 Rxg3 62. Rc8+ Rd8 63. Rc7 Rd6+ 64. Kb5 Rg4 65. Rc8+ Rd8
66. Rc7 Rxh4 67. Nb7 Rd1 68. Kc6 Rc1+ 69. Nc5 Rxf4 70. Rc8+ Ke7 71. Rc7+ Kd8
72. Rg7 Ke8 73. Rxg6 Rf5 74. Rg8+ Ke7 75. Rg7+ Kf8 76. e7+ Kxg7 77. e8=Q Rcxc5+
78. Kb6 Rce5 79. Qd7+ Kg6 80. Qd3 h4 81. Kc6 Ra5 82. Qe4 Kg5 83. Qe3+ Rf4 84.
Qg1+ Kh6 85. Qe3 Raf5 86. Kd6 Kh5 87. Ke6 Rf3 88. Qa7 h3 89. Qg7 Kh4 90. Qg8 h2
91. Qg2 Rf2 92. Qh1 Kh3 93. Qa8 Rf8 94. Qb7 R2f7 95. Qb3+ Rf3 96. Qb1 Re8+ 97.
Kd7 Ree3 98. Kd6 Rd3+ 99. Ke5 Kg2 100. Qc2+ Kg3 101. Qc1 Rde3+ 102. Kd4 Kf2
103. Kd5 Rd3+ 104. Ke5 Rfe3+ 105. Kf5 Re2 106. Kf4 Rd4+ 107. Kf5 Kg2 108. Qc6+
Rde4 109. Qg6+ Kf1 110. Qh7 R4e3 111. Kf4 Rb3 112. Qh8 Rf2+ 113. Kg4 Kg2 114.
Qa8+ Rbf3 0-1

[Event "World Rapid 2015"]
[Site "Berlin GER"]
[Date "2015.10.10"]
[Round "5.40"]
[White "Shchekachev, Andrei"]
[Black "Vitiugov, Nikita"]
[Result "0-1"]
[WhiteElo "2531"]
[BlackElo "2725"]
[PlyCount "120"]
[EventDate "2015.10.10"]
[EventType "rapid"]

1. Nf3 c5 2. c4 Nc6 3. Nc3 e5 4. g3 g6 5. d3 Bg7 6. Bg5 f6 7. Be3 d6 8. Bg2
Nge7 9. a3 a5 10. O-O g5 11. Nd2 h6 12. Nd5 f5 13. Nb1 Nxd5 14. Bxd5 f4 15. Bd2
Bh3 16. Nc3 Qd7 17. e3 h5 18. Ne4 h4 19. Nxg5 hxg3 20. fxg3 Bxf1 21. Qxf1 fxg3
22. hxg3 Rh6 23. Qf3 O-O-O 24. Rf1 Rf6 25. Qg2 Rdf8 26. Rb1 Rg6 27. Ne4 Ne7 28.
Nc3 Bh6 29. Be4 Rg7 30. Rf1 Rxf1+ 31. Kxf1 Nf5 32. g4 Nh4 33. Qh3 Qxg4 34.
Qxg4+ Rxg4 35. Nd5 a4 36. Nb6+ Kb8 37. Nxa4 Rg3 38. Kf2 Rh3 39. Nc3 Rh2+ 40.
Ke1 Ng2+ 41. Bxg2 Rxg2 42. Ne4 Kc7 43. Kd1 Kc6 44. Nc3 Bg5 45. b4 Bh4 46. b5+
Kd7 47. a4 Rg1+ 48. Ke2 Ra1 49. Nd5 Bd8 50. Be1 Rxa4 51. Bd2 e4 52. Nc3 exd3+
53. Kxd3 Ra3 54. Ke2 Ba5 55. Nb1 Rb3 56. Bxa5 Rxb1 57. e4 Rb3 58. Kd2 Ke6 59.
Bc3 Rxc3 60. Kxc3 Ke5 0-1

[Event "World Rapid 2015"]
[Site "Berlin GER"]
[Date "2015.10.10"]
[Round "5.41"]
[White "Olafsson, Helgi"]
[Black "Mamedov, Rauf"]
[Result "1/2-1/2"]
[WhiteElo "2549"]
[BlackElo "2657"]
[PlyCount "84"]
[EventDate "2015.10.10"]
[EventType "rapid"]

1. d4 d6 2. Nf3 g6 3. g3 Bg7 4. Bg2 Nf6 5. b3 O-O 6. Bb2 a5 7. a4 Nc6 8. Na3
Bf5 9. O-O Be4 10. Bh3 Bxf3 11. exf3 d5 12. Qd2 e6 13. Nb5 Ne7 14. c4 c6 15.
Nc3 Nd7 16. Rfd1 Re8 17. Rab1 Nc8 18. Ne2 Nd6 19. Qc2 Rc8 20. c5 Nf5 21. Bc3 b6
22. Qd2 bxc5 23. Bxa5 Qe7 24. dxc5 Qxc5 25. Rbc1 Qa7 26. Bxf5 exf5 27. Bc3 Bxc3
28. Rxc3 Qa6 29. Nf4 Ne5 30. Kg2 Qa5 31. Rdc1 Qb4 32. Ne2 Nxf3 33. Qf4 d4 34.
Kxf3 Re4 35. Rd3 Rxf4+ 36. Nxf4 c5 37. Kg2 Kg7 38. h4 h6 39. Kg1 g5 40. Ng2 Qa3
41. Rb1 c4 42. Rxd4 c3 1/2-1/2

[Event "World Rapid 2015"]
[Site "Berlin GER"]
[Date "2015.10.10"]
[Round "5.42"]
[White "Godena, Michele"]
[Black "Zvjaginsev, Vadim"]
[Result "0-1"]
[WhiteElo "2513"]
[BlackElo "2660"]
[PlyCount "120"]
[EventDate "2015.10.10"]
[EventType "rapid"]

1. e4 Nf6 2. e5 Nd5 3. d4 d6 4. Nf3 g6 5. Bc4 Nb6 6. Bb3 Bg7 7. O-O O-O 8. exd6
cxd6 9. Re1 Nc6 10. c3 Qc7 11. Na3 a6 12. d5 Na5 13. Bg5 Re8 14. Ba4 Bd7 15.
Bxd7 Qxd7 16. Qd3 Rac8 17. Rad1 Rc5 18. Qe4 f5 19. Qe6+ Qxe6 20. dxe6 Rcc8 21.
Re2 Na4 22. Nb1 b5 23. h4 Nc6 24. Bc1 b4 25. cxb4 Nxb4 26. b3 Nd3 27. Be3 Nab2
28. Rf1 Nb4 29. h5 Nd5 30. Rd2 Nb4 31. g3 Rc2 32. Nh4 Rxd2 33. Nxd2 Bf6 34.
hxg6 hxg6 35. Nxg6 Nxa2 36. Nf4 Nb4 37. Rc1 N2d3 38. Nxd3 Nxd3 39. Rc6 Ra8 40.
Nc4 Nb4 41. Rb6 Nd5 42. Rb7 Rc8 43. Kg2 Rc7 44. Rb8+ Kg7 45. Kf3 Rc6 46. Ke2
Kg6 47. Rg8+ Kh7 48. Rb8 Kg6 49. Rg8+ Kh5 50. f3 Rc7 51. g4+ fxg4 52. fxg4+ Kh4
53. Bf2+ Kh3 54. Kf3 Rb7 55. Nd2 Rb4 56. g5 Rf4+ 57. Ke2 Bc3 58. Nf3 Kg4 59. g6
Rxf3 60. g7 Nf4+ 0-1

[Event "World Rapid 2015"]
[Site "Berlin GER"]
[Date "2015.10.10"]
[Round "5.43"]
[White "Hjartarson, Johann"]
[Black "Seirawan, Yasser"]
[Result "0-1"]
[WhiteElo "2529"]
[BlackElo "2620"]
[PlyCount "70"]
[EventDate "2015.10.10"]
[EventType "rapid"]

1. e4 c6 2. d4 d5 3. e5 Bf5 4. Nf3 e6 5. Be2 Ne7 6. Nbd2 c5 7. O-O Nec6 8. c3
Nd7 9. b3 cxd4 10. cxd4 Nb4 11. Ne1 Rc8 12. Bb2 Be7 13. a3 Nc2 14. Rc1 Nxe1 15.
Qxe1 O-O 16. f4 Qa5 17. g4 Bc2 18. b4 Qa4 19. Qg3 a5 20. b5 Nb6 21. Rf3 Be4 22.
Rfc3 Qxd4+ 23. Qe3 Qxe3+ 24. Rxe3 Rxc1+ 25. Bxc1 Bc5 26. Nb3 Bxe3+ 27. Bxe3 Nc4
28. Bc5 Rc8 29. Be7 Rc7 30. Bd6 Rc8 31. Nc5 b6 32. Nd7 d4 33. Bxc4 Rxc4 34.
Nxb6 Rc2 35. Kf1 d3 0-1

[Event "World Rapid 2015"]
[Site "Berlin GER"]
[Date "2015.10.10"]
[Round "5.44"]
[White "Piorun, Kacper"]
[Black "Petrosian, Tigran L"]
[Result "0-1"]
[WhiteElo "2609"]
[BlackElo "2625"]
[PlyCount "82"]
[EventDate "2015.10.10"]
[EventType "rapid"]

1. e4 d6 2. f4 g6 3. Nc3 Bg7 4. d4 a6 5. Nf3 b5 6. Bd3 Bb7 7. O-O Nd7 8. Ne2 c5
9. c3 Ngf6 10. Ng3 O-O 11. Qe2 e6 12. Bd2 Qb6 13. Kh1 cxd4 14. cxd4 Rfe8 15.
Rae1 e5 16. fxe5 dxe5 17. d5 Nc5 18. Bb1 Nfd7 19. Be3 Qd8 20. Qf2 Rc8 21. Rc1
Qe7 22. Qd2 Rf8 23. b4 Na4 24. d6 Qd8 25. Rxc8 Bxc8 26. Bh6 Ndb6 27. Bxg7 Kxg7
28. Nxe5 f6 29. Nc6 Nc4 30. Qd4 Qxd6 31. Qxd6 Nxd6 32. e5 fxe5 33. Rxf8 Kxf8
34. a3 Nc3 35. Bc2 e4 36. Kg1 e3 37. Ne5 Ke7 38. Kf1 Kf6 39. Nc6 Nc4 40. Ne4+
Nxe4 41. Bxe4 Nd2+ 0-1

[Event "World Rapid 2015"]
[Site "Berlin GER"]
[Date "2015.10.10"]
[Round "5.45"]
[White "Van Wely, Loek"]
[Black "Mikhalevski, Victor"]
[Result "0-1"]
[WhiteElo "2632"]
[BlackElo "2536"]
[PlyCount "134"]
[EventDate "2015.10.10"]
[EventType "rapid"]

1. Nf3 Nf6 2. g3 g6 3. Bg2 Bg7 4. c4 c6 5. O-O O-O 6. b3 Ne4 7. d4 d5 8. Bb2
Bf5 9. Nbd2 a5 10. Nh4 Nxd2 11. Qxd2 Be6 12. Rfc1 a4 13. cxd5 cxd5 14. e3 Nc6
15. Ba3 Qd7 16. Bc5 Bh3 17. Bh1 Rfc8 18. b4 Nb8 19. Nf3 Na6 20. Ne5 Qd8 21. Qe2
Nxc5 22. bxc5 Bxe5 23. dxe5 Ra5 24. Qb2 Qd7 25. Qd4 e6 26. e4 Qe7 27. exd5 exd5
28. Bxd5 Raxc5 29. Rxc5 Rxc5 30. Rd1 b5 31. e6 fxe6 32. Bf3 e5 33. Qb4 Kg7 34.
a3 Qc7 35. Bg2 Bf5 36. h3 Be6 37. Kh2 Rc2 38. Kg1 Qc5 39. Qxc5 Rxc5 40. Rd6 Kf7
41. Rb6 Bd7 42. Bf1 Ke7 43. h4 Rc1 44. Kg2 Bc6+ 45. Rxc6 Rxc6 46. Bxb5 Rc3 47.
Bxa4 Kd6 48. Bb5 Rxa3 49. Bc4 e4 50. Bg8 h6 51. Bf7 g5 52. hxg5 hxg5 53. Be8
Ra2 54. Kg1 Rb2 55. Kf1 Kd5 56. Bd7 Rc2 57. Kg1 Kd4 58. Bf5 Rc5 59. Bg4 e3 60.
fxe3+ Kxe3 61. Kg2 Rc2+ 62. Kh3 Kf2 63. Bd7 Rc7 64. Be6 Re7 65. Bc8 Re3 66. Kg4
Rxg3+ 67. Kf5 Rg1 0-1

[Event "World Rapid 2015"]
[Site "Berlin GER"]
[Date "2015.10.10"]
[Round "5.46"]
[White "Ehlvest, Jaan"]
[Black "Bologan, Viktor"]
[Result "1-0"]
[WhiteElo "2535"]
[BlackElo "2607"]
[PlyCount "83"]
[EventDate "2015.10.10"]
[EventType "rapid"]

1. Nf3 d5 2. c4 c6 3. e3 Nf6 4. Nc3 a6 5. d4 Bf5 6. Be2 h6 7. Bd3 Bxd3 8. Qxd3
e6 9. a3 dxc4 10. Qxc4 b5 11. Qe2 c5 12. dxc5 Bxc5 13. O-O Nc6 14. b3 O-O 15.
Bb2 Qe7 16. Rfc1 Rfc8 17. Nd2 Bb6 18. a4 b4 19. Nce4 Nd5 20. Nc4 Bc7 21. Rc2
Rd8 22. g3 Na5 23. Ned2 Nb7 24. e4 Nc3 25. Bxc3 bxc3 26. Rxc3 Rd7 27. Nf3 f6
28. Rac1 Rad8 29. Kg2 a5 30. Nb2 Bd6 31. Nd3 Ba3 32. R1c2 g5 33. Rc8 Kg7 34.
Rxd8 Qxd8 35. Rc3 Qb6 36. Qc2 g4 37. Nh4 Bd6 38. Rc6 Qd4 39. Rc4 Qb6 40. e5
fxe5 41. Rxg4+ Kf7 42. Nxe5+ 1-0

[Event "World Rapid 2015"]
[Site "Berlin GER"]
[Date "2015.10.10"]
[Round "5.47"]
[White "Svane, Rasmus"]
[Black "Bogdanovich, Stanislav"]
[Result "0-1"]
[WhiteElo "2543"]
[BlackElo "2590"]
[PlyCount "120"]
[EventDate "2015.10.10"]
[EventType "rapid"]

1. Nf3 Nf6 2. c4 e6 3. Nc3 d5 4. d4 dxc4 5. e4 Bb4 6. Bxc4 Nxe4 7. O-O Nxc3 8.
bxc3 Be7 9. Ne5 O-O 10. Qg4 Nc6 11. Re1 Bf6 12. Rb1 Ne7 13. Ba3 c6 14. Re3 Nf5
15. Rh3 Be7 16. Qh5 h6 17. Bc1 Bg5 18. f4 Bf6 19. g4 Bxe5 20. gxf5 Bxd4+ 21.
cxd4 Qxd4+ 22. Be3 Qxc4 23. f6 Qc2 24. Rc1 Qg6+ 25. Qxg6 fxg6 26. fxg7 Kxg7 27.
Bd4+ e5 28. Bxe5+ Kh7 29. Rb3 Rf7 30. Rcb1 b6 31. a4 Be6 32. Rc3 Bd5 33. h4 Re8
34. Kh2 Rf5 35. Rg1 g5 36. hxg5 hxg5 37. Rcg3 Rexe5 38. Rh3+ Kg6 39. fxe5 Rxe5
40. Ra3 Kf6 41. Kg3 Re2 42. Kg4 Re4+ 43. Kg3 Re2 44. Kg4 Re4+ 45. Kg3 Ke5 46.
Kf2 Rf4+ 47. Kg3 a5 48. Rb1 Rb4 49. Re1+ Kd6 50. Re2 Rb3+ 51. Rxb3 Bxb3 52. Rb2
Bxa4 53. Rxb6 Bb5 54. Rb7 Kc5 55. Kf3 Kd4 56. Rg7 a4 57. Rxg5 a3 58. Rg1 a2 59.
Rd1+ Bd3 60. Kf4 c5 0-1

[Event "World Rapid 2015"]
[Site "Berlin GER"]
[Date "2015.10.10"]
[Round "5.48"]
[White "Sethuraman, S.P."]
[Black "Belov, Vladimir"]
[Result "1/2-1/2"]
[WhiteElo "2640"]
[BlackElo "2614"]
[PlyCount "130"]
[EventDate "2015.10.10"]
[EventType "rapid"]

1. e4 e5 2. Nf3 Nc6 3. Bb5 a6 4. Ba4 Nf6 5. O-O Be7 6. d3 d6 7. c3 O-O 8. Nbd2
Re8 9. Re1 Bf8 10. Nf1 b5 11. Bc2 h6 12. Ng3 d5 13. exd5 Qxd5 14. d4 Bg4 15.
Bb3 Qd7 16. h3 Bxf3 17. Qxf3 exd4 18. Bxh6 d3 19. Bg5 Rxe1+ 20. Rxe1 Re8 21.
Rxe8 Nxe8 22. Bd5 Ne5 23. Qe4 Nf6 24. Qxe5 Qxd5 25. Qxd5 Nxd5 26. Kf1 c5 27.
Ke1 f6 28. Be3 Kf7 29. Kd2 c4 30. Ne4 Ke6 31. Bc5 Bxc5 32. Nxc5+ Kd6 33. Nxa6
Nf4 34. b4 Nxg2 35. Nc5 Nf4 36. h4 Ng6 37. h5 Nf4 38. a4 bxa4 39. Nxa4 Kc6 40.
Nb2 Kb5 41. Ke3 Nxh5 42. Kd4 d2 43. Ke3 f5 44. Kxd2 Nf6 45. Ke3 Ne4 46. Nd1 g5
47. Kd4 g4 48. Ne3 Nxf2 49. Nxf5 Nd1 50. Nd6+ Kc6 51. Nxc4 g3 52. Ne3 Kb5 53.
Ng2 Nb2 54. Nf4 Nc4 55. Ke4 Nd6+ 56. Kd3 Nc4 57. Ke2 Nd6 58. Kd3 Nc4 59. Ng2
Nb2+ 60. Kd4 Nc4 61. Ne3 Nd6 62. Kd3 Nc4 63. Ke2 Nb6 64. Kf3 Na4 65. Kxg3 Nxc3
1/2-1/2

[Event "World Rapid 2015"]
[Site "Berlin GER"]
[Date "2015.10.10"]
[Round "5.49"]
[White "Bindrich, Falko"]
[Black "Hausrath, Daniel"]
[Result "0-1"]
[WhiteElo "2594"]
[BlackElo "2503"]
[PlyCount "84"]
[EventDate "2015.10.10"]
[EventType "rapid"]

1. d4 Nf6 2. c4 Nc6 3. Nf3 e6 4. g3 d5 5. Bg2 dxc4 6. O-O Rb8 7. e3 e5 8. Nbd2
exd4 9. Nxc4 Be6 10. Nce5 Nxe5 11. Nxe5 Bd6 12. Qa4+ c6 13. exd4 O-O 14. Qxa7
Qc7 15. Qa4 Ra8 16. Qc2 Bxa2 17. Bd2 Bd5 18. Nc4 Bxg2 19. Kxg2 Rxa1 20. Rxa1
Re8 21. Qb3 b5 22. Ne3 Qd7 23. Qc2 Ne4 24. Ra6 Bb8 25. Bc1 c5 26. d5 c4 27. Rc6
Ba7 28. Qd1 Nf6 29. Rxf6 Bxe3 30. Ra6 Bxc1 31. Qxc1 Qxd5+ 32. Kg1 h5 33. h4 Re2
34. Ra1 Qf3 35. Qf1 Rxb2 36. Re1 Kh7 37. Re3 Qf5 38. Kg2 Qd5+ 39. Kh3 Qf5+ 40.
Kg2 Rb1 41. Qe2 Qd5+ 42. f3 Qd1 0-1

[Event "World Rapid 2015"]
[Site "Berlin GER"]
[Date "2015.10.10"]
[Round "5.52"]
[White "Naumann, Alexander"]
[Black "Iturrizaga Bonelli, Eduardo"]
[Result "0-1"]
[WhiteElo "2545"]
[BlackElo "2641"]
[PlyCount "72"]
[EventDate "2015.10.10"]
[EventType "rapid"]

1. d4 Nf6 2. c4 b6 3. f3 Nc6 4. Nc3 e5 5. d5 Ne7 6. e4 Ng6 7. Be3 Bc5 8. Qd2 d6
9. g3 a5 10. Nge2 Nd7 11. Bh3 Bxe3 12. Bxd7+ Bxd7 13. Qxe3 f5 14. exf5 Bxf5 15.
O-O O-O 16. Ne4 h6 17. N2c3 Qd7 18. b3 Rf7 19. a3 Bh3 20. Rf2 Ne7 21. g4 Ng6
22. Kh1 Qe7 23. Rg1 Qh4 24. Ne2 Raf8 25. N2g3 Nf4 26. Nf5 Rxf5 27. gxf5 Bxf5
28. Rg3 Kh8 29. Nc3 Rf7 30. Ne2 Nh3 31. Rf1 a4 32. f4 g5 33. Nd4 exd4 34. Qxd4+
Kh7 35. b4 gxf4 36. Rg2 Qe7 0-1

[Event "World Rapid 2015"]
[Site "Berlin GER"]
[Date "2015.10.10"]
[Round "5.53"]
[White "Volokitin, Andrei"]
[Black "Handke, Florian"]
[Result "1-0"]
[WhiteElo "2639"]
[BlackElo "2531"]
[PlyCount "109"]
[EventDate "2015.10.10"]
[EventType "rapid"]

1. e4 c5 2. Nf3 Nc6 3. d4 cxd4 4. Nxd4 Nf6 5. Nc3 e5 6. Ndb5 d6 7. Bg5 a6 8.
Na3 b5 9. Bxf6 gxf6 10. Nd5 f5 11. Bd3 Be6 12. O-O Bxd5 13. exd5 Ne7 14. Re1
Bg7 15. c3 O-O 16. Nc2 e4 17. Bf1 Ng6 18. Qh5 Re8 19. Qxf5 Re5 20. Qh3 Nf4 21.
Qg4 Nxd5 22. Nd4 Nf6 23. Qd1 Qb6 24. a4 bxa4 25. Re2 Nd7 26. Qxa4 Nc5 27. Qc6
Qd8 28. b4 Rc8 29. bxc5 dxc5 30. Rxe4 Rxe4 31. Qxe4 cxd4 32. c4 a5 33. Bd3 h6
34. g3 Qc7 35. Qd5 Qc5 36. Rxa5 Qxd5 37. Rxd5 Kf8 38. Kg2 Ke7 39. Kf3 Rc6 40.
c5 Bf8 41. Bb5 Rc7 42. c6 Bg7 43. Ke4 Bf6 44. Kd3 Ke6 45. Kc4 Bg7 46. f4 Bf6
47. f5+ Ke7 48. Kc5 Ke8 49. Kd6 Kd8 50. Kc5+ Kc8 51. Ba6+ Kb8 52. Kb6 Bg5 53.
Bb7 d3 54. Rxd3 h5 55. Ra3 1-0

[Event "World Rapid 2015"]
[Site "Berlin GER"]
[Date "2015.10.10"]
[Round "5.54"]
[White "Gajewski, Grzegorz"]
[Black "Munoz Pantoja, Miguel"]
[Result "1/2-1/2"]
[WhiteElo "2654"]
[BlackElo "2441"]
[PlyCount "150"]
[EventDate "2015.10.10"]
[EventType "rapid"]

1. c4 c5 2. g3 Nc6 3. Bg2 g6 4. Nc3 Bg7 5. Nf3 e6 6. d3 Nge7 7. Bd2 d5 8. Qc1
O-O 9. Bh6 d4 10. Bxg7 Kxg7 11. Ne4 f5 12. Ned2 e5 13. h4 h6 14. a3 a5 15. O-O
Qd6 16. Re1 Ng8 17. e3 dxe3 18. Rxe3 Nf6 19. b4 axb4 20. axb4 Rxa1 21. Qxa1
Nxb4 22. Qxe5 Qxe5 23. Nxe5 Re8 24. f4 b6 25. d4 Nc2 26. Rb3 Nxd4 27. Rxb6 Nd7
28. Nxd7 Bxd7 29. Rb7 Re1+ 30. Nf1 Re7 31. Rc7 Ne6 32. Ra7 Nd4 33. Ra5 Nb3 34.
Ra3 Nd4 35. Ne3 Be6 36. Ra5 Bf7 37. Kf2 Nb3 38. Rb5 Nc1 39. Bf1 Ra7 40. Rxc5
Nb3 41. Re5 Ra2+ 42. Kg1 Nd2 43. Be2 Ra1+ 44. Kg2 Ra2 45. c5 Ne4 46. Kf3 Nd2+
47. Kf2 Ne4+ 48. Ke1 Ra1+ 49. Bd1 Rc1 50. g4 Rc3 51. Ke2 Rxc5 52. Rxc5 Nxc5 53.
gxf5 Ne4 54. Bc2 Ng3+ 55. Kf3 Nxf5 56. Bxf5 gxf5 57. Nxf5+ Kg6 58. Ng3 Bd5+ 59.
Ke3 Kf6 60. Kd4 Bb7 61. Kc5 Ke6 62. Kb6 Bf3 63. Kc7 Ke7 64. Nf5+ Kf6 65. Ne3
Kg6 66. Kd6 Kh5 67. f5 Kxh4 68. f6 Bh5 69. Ke5 Kg5 70. Nf5 Bf7 71. Nd6 Kg6 72.
Nxf7 Kxf7 73. Kf5 h5 74. Kg5 h4 75. Kxh4 Kxf6 1/2-1/2

[Event "World Rapid 2015"]
[Site "Berlin GER"]
[Date "2015.10.10"]
[Round "5.57"]
[White "Richter, Michael"]
[Black "Huzman, Alexander"]
[Result "0-1"]
[WhiteElo "2517"]
[BlackElo "2580"]
[PlyCount "57"]
[EventDate "2015.10.10"]
[EventType "rapid"]

1. d4 Nf6 2. Bg5 d5 3. e3 c5 4. Bxf6 gxf6 5. c3 Qb6 6. Qb3 Nc6 7. Nd2 e6 8.
Ngf3 Bd7 9. Be2 Rc8 10. O-O Be7 11. Qxb6 axb6 12. c4 O-O 13. Rac1 Rfd8 14. a3
Na5 15. cxd5 exd5 16. dxc5 bxc5 17. Bd3 b5 18. b4 Nc4 19. Nb3 cxb4 20. axb4
Bxb4 21. Nbd4 Ba3 22. Rb1 b4 23. Nc2 Rb8 24. Bxc4 dxc4 25. Nxa3 bxa3 26. Ra1
Ra8 27. Rfc1 a2 28. Nd4 Rdb8 29. Ne2 0-1

[Event "World Rapid 2015"]
[Site "Berlin GER"]
[Date "2015.10.10"]
[Round "5.59"]
[White "Guliyev, Namig"]
[Black "Breutigam, Martin"]
[Result "1-0"]
[WhiteElo "2579"]
[BlackElo "2380"]
[PlyCount "57"]
[EventDate "2015.10.10"]
[EventType "rapid"]

1. e4 c5 2. Nf3 e6 3. d4 cxd4 4. Nxd4 Nc6 5. Nb5 d6 6. Bf4 e5 7. Be3 Nf6 8. Bg5
a6 9. N5c3 Be7 10. Bc4 Be6 11. Bb3 O-O 12. Bxf6 Bxf6 13. O-O Rc8 14. Nd5 Nd4
15. c3 Nxb3 16. axb3 Bg5 17. Na3 f5 18. exf5 Rxf5 19. Nc4 Kh8 20. Qd3 Qf8 21.
Rad1 Rc6 22. Nb4 Be7 23. Nxc6 bxc6 24. Nxd6 Rf4 25. Nc4 Qb8 26. Qe2 Bf6 27.
Rfe1 Qxb3 28. Nxe5 Bd5 29. Qh5 1-0

[Event "World Rapid 2015"]
[Site "Berlin GER"]
[Date "2015.10.10"]
[Round "5.60"]
[White "Agrest, Evgenij"]
[Black "Valdes Romero, Leonardo"]
[Result "1/2-1/2"]
[WhiteElo "2596"]
[BlackElo "2362"]
[PlyCount "176"]
[EventDate "2015.10.10"]
[EventType "rapid"]

1. Nf3 Nf6 2. c4 g6 3. Nc3 Bg7 4. g3 O-O 5. Bg2 d6 6. d4 Nc6 7. O-O e5 8. d5
Ne7 9. Ne1 Nd7 10. Nd3 f5 11. e4 h6 12. Bd2 Nf6 13. f3 g5 14. exf5 Nxf5 15. Nf2
c6 16. Nfe4 Nxe4 17. fxe4 Nd4 18. Qh5 Bd7 19. Rxf8+ Qxf8 20. Rf1 Qe8 21. Qd1
Qe7 22. Be3 c5 23. a3 Rf8 24. b4 Rxf1+ 25. Qxf1 b6 26. bxc5 dxc5 27. Bf3 Qe8
28. Qd1 Qc8 29. Bh5 g4 30. Kg2 Qa6 31. Bxg4 Qxc4 32. Bxd7 Qxc3 33. Bf2 Qc2 34.
Qg4 Qe2 35. Qxe2 Nxe2 36. d6 Kf7 37. Be3 Bf8 38. Bg4 Nd4 39. d7 Ke7 40. Kf2 Kd8
41. Bc1 Nc6 42. h4 Nb8 43. Bf5 Nxd7 44. g4 Bg7 45. g5 hxg5 46. hxg5 c4 47. Be3
Nc5 48. Ke2 Nd3 49. Be6 b5 50. Kd2 a6 51. Bd5 Ke7 52. Bb7 Kd6 53. Bxa6 Kc6 54.
Bc8 Nc5 55. Bf5 Nd3 56. Be6 Nc5 57. Bd5+ Kd6 58. Kc3 Nd3 59. Bg8 Kc6 60. Bf7
Bf8 61. Be8+ Kc7 62. g6 Nf4 63. Bxf4 exf4 64. Bxb5 Kd6 65. Bxc4 Ke5 66. Bd3 Kf6
67. a4 Kxg6 68. e5+ Kf7 69. Kd4 Bb4 70. Be4 Ke7 71. Bd5 Bd2 72. Ke4 Kd7 73. Kf5
Ke7 74. Bf3 Kf7 75. Ke4 Ke7 76. Bg4 Kf7 77. Bd1 Ke7 78. Kd3 Ba5 79. Kc4 Ke6 80.
Kd4 Ke7 81. Bg4 Be1 82. Kc4 Bd2 83. Kd5 Ba5 84. Kc5 Bd2 85. Kc4 Be1 86. Kd3 Ba5
87. Bf5 Be1 88. Bg4 Ba5 1/2-1/2